Loading...
Marx
| Main Author: | |
|---|---|
| Format: | Printed Book |
| Published: |
Oxford, Oxford University Press
1980
|
| Series: | Past masters
|
| Subjects: |
| LEADER | 006840000a22002410004500 | ||
|---|---|---|---|
| 020 | |a 0-19-287510-8 | ||
| 082 | |a 193 MAR M0 | ||
| 100 | |a Singer, Peter; Author | ||
| 245 | |a Marx | ||
| 260 | |a Oxford, Oxford University Press | ||
| 260 | |c 1980 | ||
| 460 | |a x,82p | ||
| 465 | |a P 2.95 | ||
| 490 | |a Past masters | ||
| 500 | |a Includes index | ||
| 500 | |a Peter Singer | ||
| 650 | |a Marx, Karl-Biography | ||
| 650 | |a Marx, Karl-Philosophy | ||
| 650 | |a Marxian economics | ||
| 650 | |a Philosophy, Marxist | ||
| 942 | |c BK | ||
| 999 | |c 4651 |d 4651 | ||
| 952 | |0 0 |1 0 |4 0 |6 193_000000000000000_MAR_M0 |7 0 |8 ENG |9 4443 |a MGUL |b MGUL |d 2013-07-16 |e P 2.95 |l 0 |o 193 MAR M0 |p 05992 |r 2013-07-16 |w 2013-07-16 |y BK | ||